Estadísticas para Especias más populares

Haz click aquí para intentar la prueba.

Estadísticas generales

  • Esta prueba ha sido intentada 2.011 veces
  • La puntuación promedio es 12 de 24

Estadísticas de respuestas

%Hierba o Especia% Correcto
7,2%Pimienta de cayena
90%
1,4%Pimienta de Jamaica
90%
32,8%Pimienta negra / Pimienta blanca
90%
4,0%Orégano
79%
26,5%Ajo
67%
3,3%Pimentón
64%
9,8%Canela
63%
6,6%Perejil
63%
3,4%Tomillo
57%
1,7%Curry
56%
1,9%Romero
56%
3,7%Comino
51%
5,0%Albahaca
50%
1,1%Menta
49%
3,2%Clavo
46%
3,8%Cilantro
45%
2,2%Hoja de Laurel
39%
4,4%Nuez moscada
38%
5,1%Jengibre
32%
2,6%Polvo de chile
30%
15,7%Vainilla
30%
5,4%Mostaza
21%
1,9%Eneldo
20%
1,1%Salvia
15%

Distribución de puntuación

Porcentaje por número respondido

Porcentaje de gente con cada puntuación

Historial de tus puntuaciones

No has intentado esta prueba.